000 00944nam a2200253Ia 4500
003 OSt
005 20221005105448.0
006 a|||||r|||| 00| 0
007 ta
008 221004b |||||||| |||| 00| 0 urd d
020 _c600
024 _a105941
037 _b12954, 18/03/2011, Kitab Ghar
_cTextual
040 _aCRL
_cCRL
_burd
041 _2urd
_aurd
082 _aO168,3M46,AK, 152Q0.1-.2
100 _aसरशार, रतननाथ
245 0 _aआज़ाद - कथा, रूपान्तरकार प्रेमचंद
246 _aĀज़ād - kathā, rūpāntarakār premachanda
260 _aनई दिल्ली
_bभारतीय ग्रन्थ निकेतन भारत
_c2010
490 _vभाग 1
942 _hO168,3M46,AK, 152Q0.1-.2
_cTEXL
_2cc
999 _c1015903
_d1015903